000 00479nam a22001697a 4500
999 _c164353
_d164353
005 20190516153326.0
010 _aB-083904
020 _a817046160
_c225.00
035 _aB-083904
037 _bSeagull Books
082 _a873.2
100 _aPrakash, H.S. Shiva
245 _aMachachaitra, the great spring and other plays /
_cH.S. Shiva Prakash
260 _aCalcutta
_bSeagull Books
_c2002
300 _a165p.
_c22cm(pbk)
942 _2ddc
_cEN
_h873.2
_mSHI